Occupational therapy for children / (رقم التسجيلة. 31618)
[ عرض عادي ]
| 000 -الفاتح | |
|---|---|
| حقل البيانات ثابتة الطول | 01810cam a22003855a 4500 |
| 001 - رقم الضبط | |
| رقم الضبط | 7611299 |
| 003 - محدد رقم الضبط | |
| رقم الضبط | OSt |
| 005 - وقت وتاريخ اخر تعامل مع التسجيلة | |
| رقم الضبط | 20150408114146.0 |
| 008 - عناصر البيانات ثابتة الطول - معلومات عامة | |
| حقل البيانات ثابتة الطول | 091007s2010 moua b 001 0 eng |
| 015 ## - رقم الببليوجرافية الوطنية | |
| رقم الببليوجرافية الوطنية | GBA999150 |
| المصدر | bnb |
| 016 7# - رقم ضبط الوكاله الوطنية للضبط الببليوجرافي | |
| رقم ضبط التسجيلة | 015390925 |
| المصدر | Uk |
| 020 ## - الرقم الدولى المعيارى للكتب | |
| الرقم الدولى المعيارى للكتاب | 9780323056588 (hbk.) |
| 020 ## - الرقم الدولى المعيارى للكتب | |
| الرقم الدولى المعيارى للكتاب | 032305658X (hbk.) |
| 035 ## - رقم ضبط النظام | |
| رقم ضبط النظام | (OCoLC)ocn456837558 |
| 035 ## - رقم ضبط النظام | |
| رقم ضبط النظام | (OCoLC)456837558 |
| 035 ## - رقم ضبط النظام | |
| رقم ضبط النظام | (NNC)7611299 |
| 040 ## - مصدر الفهرسة | |
| وكالة الفهرسة الأصلية | UKM |
| وكالة النسخ | UKM |
| وكالة التعديل | YDXCP |
| -- | BWX |
| -- | OCM |
| -- | NNC-M |
| -- | OrLoB-B |
| 050 #4 - رقم طلب مكتبة الكونجرس | |
| رقم التصنيف | RJ53 |
| 082 04 - رقم تصنيف ديوى العشرى | |
| رقم التصنيف | 615.8515083 |
| رقم الطبعة | 22 |
| رقم المادة | OCT |
| 090 ## - رقم الضبط المحلى | |
| رقم تصنيف (OCLC) (R) ;رقم تصنيف, CALL (RLIN) (NR) | RJ53.O25 |
| كتر محلي OCLC رقم كتاب / رقم طلب غير مقسم,رقم RLIN( غير مكرر) | O22 2010 |
| 245 00 - بيان العنوان | |
| العنوان | Occupational therapy for children / |
| بيان المسئوليه,etc | [edited by] Jane Case-Smith, Jane Clifford O'Brien. |
| 250 ## - بيان الطبعة | |
| بيان الطبعة | 6th ed. |
| 260 ## - PUBLICATION, DISTRIBUTION, ETC. (IMPRINT) | |
| مكان الناشر او الموزع | St. Louis, Mo. ; |
| -- | London : |
| اسم الناشر او الموزع | Elsevier Mosby, |
| تاريخ النشر أو التوزيع | 2010. |
| 300 ## - الوصف المادى | |
| التعداد | xv, 857 p. : |
| تفاصيل ماديه اخرى للوعاء | ill. ; |
| أبعاد الوعاء | 29 cm. |
| 504 ## - تبصرة ببليوجرافية | |
| تبصرة ببليوجرافية,الخ | Includes bibliographical references and index. |
| 520 1# - التبصرة الخاصة بالتعليق أو التلخيص | |
| ملخص,الخ | "The sixth edition of Occupational Therapy for Children maintains its focus on children from infancy to adolescence and gives comprehensive coverage of both conditions and intervention techniques in all settings. Inside you'll discover new author contributions, new research and theories, new techniques, and current trends to keep you in step with the changes in pediatric OT practice. This edition provides an even stronger focus on evidence based practice, with the addition of key research notes and explanations of the research basis for specific interventions."--BOOK JACKET. |
| 650 #0 - المدخل الاضافى بالموضوع-مصطلح موضوعى | |
| مصطلح موضوعي أو اسم جغرافي كعنصر مدخل | Occupational therapy for children. |
| 9 (RLIN) | 38698 |
| 650 #2 - المدخل الاضافى بالموضوع-مصطلح موضوعى | |
| مصطلح موضوعي أو اسم جغرافي كعنصر مدخل | Occupational Therapy |
| التقسيم الفرعي العام | Infant. |
| 9 (RLIN) | 38699 |
| 650 #2 - المدخل الاضافى بالموضوع-مصطلح موضوعى | |
| مصطلح موضوعي أو اسم جغرافي كعنصر مدخل | Child, Exceptional. |
| 9 (RLIN) | 38700 |
| 650 #2 - المدخل الاضافى بالموضوع-مصطلح موضوعى | |
| مصطلح موضوعي أو اسم جغرافي كعنصر مدخل | Occupational Therapy |
| التقسيم الفرعي العام | Child. |
| 9 (RLIN) | 38701 |
| 700 1# - المدخل الاضافى - اسم شخصى | |
| الإسم الشخصى | Case-Smith, Jane, |
| التواريخ المصاحبة للاسم | 1953- |
| 9 (RLIN) | 38702 |
| 700 1# - المدخل الاضافى - اسم شخصى | |
| الإسم الشخصى | O'Brien, Jane Clifford. |
| 9 (RLIN) | 38703 |
| 900 ## - احالة مرجعية-اسم شخصى [LOCAL, CANADA] | |
| الترقيم | TOC |
| 942 ## - عناصر المدخل الإضافي( كوها) | |
| مصدر التصنيف او مخطط الترفيف | Dewey Decimal Classification |
| Koha [default] item type | كتاب |
| حالة الفقد | نموذج السعر الفعال | حالة تلف | ليس للاعارة | رقم الطلب | تاريخ الاكتساب | الموقع الحالي | الباركود | الفرع الرئيسي | Date last seen | نوع المادة فى نظام كوها | مصدر التصنيف او خطة الترفيف | Total Checkouts | Date last checked out |
|---|---|---|---|---|---|---|---|---|---|---|---|---|---|
| 2013-10-30 | 615.8515083 OCT | 2013-10-30 | المكتبة المركزية بالمجمعة (CL) | 00402976 | المكتبة المركزية بالمجمعة (CL) | 2013-10-30 | كتاب | Dewey Decimal Classification | |||||
| 2013-10-30 | 615.8515083 OCT | 2013-10-30 | المكتبة المركزية بالمجمعة (CL) | 00402977 | المكتبة المركزية بالمجمعة (CL) | 2013-10-30 | كتاب | Dewey Decimal Classification | |||||
| 2013-10-30 | 615.8515083 OCT | 2013-10-30 | المكتبة المركزية بالمجمعة (CL) | 00402978 | المكتبة المركزية بالمجمعة (CL) | 2015-04-13 | كتاب | Dewey Decimal Classification | 1 | 2014-02-10 | |||
| 2013-10-30 | 615.8515083 OCT | 2013-10-30 | مكتبة مجمع الكليات بالزلفى - طلاب (SZM) | 00402979 | مكتبة مجمع الكليات بالزلفى - طلاب (SZM) | 2013-10-30 | كتاب | Dewey Decimal Classification | |||||
| 2013-10-30 | 615.8515083 OCT | 2013-10-30 | مكتبة مجمع الكليات بالزلفى - طلاب (SZM) | 00402980 | مكتبة مجمع الكليات بالزلفى - طلاب (SZM) | 2013-10-30 | كتاب | Dewey Decimal Classification | |||||
| 2013-10-30 | 615.8515083 OCT | 2013-10-30 | مكتبة مجمع الكليات بالزلفى - طلاب (SZM) | 00402981 | مكتبة مجمع الكليات بالزلفى - طلاب (SZM) | 2013-10-30 | كتاب | Dewey Decimal Classification |
